[Event "40th Trust Open A-Grade"]
[Site "Waitakere, NZL NZL"]
[Date "2017.06.04"]
[Round "3"]
[White "Fan, Allen Chi Zhou"]
[Black "Lim, Benjamin U"]
[Result "1/2-1/2"]
[WhiteElo "2174"]
[BlackElo "2044"]
[PlyCount "136"]
[EventDate "2017.06.03"]

1. Nf3 c5 2. g3 Nf6 3. Bg2 d5 4. O-O Nc6 5. d3 e6 6. c4 Be7 7. e3 dxc4 8. dxc4
Qxd1 9. Rxd1 O-O 10. Nc3 Rd8 11. Rxd8+ Bxd8 12. b3 Nd7 13. Ba3 Bf6 14. Rc1 Nb4
15. Bxb4 cxb4 16. Nb5 Nc5 17. Rd1 Kf8 18. Nd2 Ke7 19. Ne4 Nxe4 20. Bxe4 Bd7 21.
Bxb7 Rb8 22. Nd6 Be5 23. Nxf7 Bc7 24. Be4 h6 25. f4 Be8 26. Ne5 Bxe5 27. fxe5
Rc8 28. Rd6 Rc5 29. Ra6 Rxe5 30. Rxa7+ Kf6 31. Bf3 Rxe3 32. Kf2 Rc3 33. Ra5 Bg6
34. g4 Bb1 35. Ra4 Rc2+ 36. Kg3 Bxa2 37. Rxb4 Rc3 38. c5 Bxb3 39. Kf2 Bd5 40.
Bxd5 exd5 41. Rb6+ Kg5 42. Rb7 g6 43. Rc7 Kxg4 44. c6 Rc2+ 45. Ke3 Rc4 46. Rc8
g5 47. c7 h5 48. Kf2 h4 49. Rd8 Rxc7 50. Rxd5 Rc2+ 51. Kg1 Rc3 52. Rd1 Rf3 53.
Rd5 Rf4 54. Ra5 Rc4 55. Ra1 Rc3 56. Rb1 Kh3 57. Ra1 Kg4 58. Rb1 Rf3 59. Rb4+
Rf4 60. Rb5 Rc4 61. Rb1 Re4 62. Ra1 Kf3 63. Ra3+ Kf4 64. Ra1 Re3 65. Rf1+ Kg4
66. Ra1 Kh3 67. Rb1 Rd3 68. Ra1 Rc3 1/2-1/2

[Event "40th Trust Open A-Grade"]
[Site "Waitakere, NZL NZL"]
[Date "2017.06.04"]
[Round "3"]
[White "Goodhue, Nathan"]
[Black "Zhang, Jasmine Haomo"]
[Result "1/2-1/2"]
[WhiteElo "2093"]
[BlackElo "2029"]
[PlyCount "103"]
[EventDate "2017.06.03"]

1. f4 d5 2. b3 c5 3. Nf3 Nc6 4. Bb2 Bf5 5. e3 h6 6. Bb5 e6 7. Bxc6+ bxc6 8. d3
Nf6 9. Nbd2 Be7 10. Qe2 Bh7 11. Ne5 Qb6 12. Rb1 Rb8 13. O-O Qc7 14. Ng4 Nxg4
15. Qxg4 Rg8 16. Be5 Bd6 17. Bxd6 Qxd6 18. Qf3 Kd7 19. e4 Rbf8 20. e5 Qe7 21.
a3 a5 22. Qf2 Ra8 23. Rb2 Rgb8 24. Rfb1 Kc7 25. Nf3 Ra6 26. Qd2 c4 27. b4 cxd3
28. cxd3 axb4 29. axb4 Kd8 30. Qc3 Qa7+ 31. Nd4 Rc8 32. Kf2 Ra3 33. Rb3 Ra2+
34. R1b2 Rxb2+ 35. Rxb2 Qb6 36. Ke3 Qa6 37. Rc2 Kd7 38. Nb3 Qb5 39. Nc5+ Ke8
40. Qa3 Rb8 41. Rb2 Bg6 42. Qa7 d4+ 43. Kd2 Rd8 44. Qb7 Bxd3 45. Qxb5 Bxb5 46.
Nb7 Ra8 47. Nd6+ Ke7 48. Nxb5 cxb5 49. Kd3 Rd8 50. Rc2 Rd5 51. Rc7+ Ke8 52. Rb7
{1/2-1/2?! 52...g5!} 1/2-1/2

[Event "40th Trust Open A-Grade"]
[Site "Waitakere, NZL NZL"]
[Date "2017.06.04"]
[Round "3"]
[White "Guico, Leonides"]
[Black "Sarmiento, Noel"]
[Result "1-0"]
[WhiteElo "2073"]
[BlackElo "1906"]
[PlyCount "71"]
[EventDate "2017.06.03"]

1. e4 b6 2. d4 Bb7 3. Bd3 e6 4. Ne2 Nc6 5. c3 Nce7 6. O-O a6 7. Ng3 d5 8. f3 c5
9. Be3 cxd4 10. cxd4 Nf6 11. Nc3 Nd7 12. Qe2 g6 13. Bg5 h6 14. Be3 b5 15. a3
Rc8 16. f4 h5 17. f5 dxe4 18. fxe6 f5 19. exd7+ Qxd7 20. Ngxe4 fxe4 21. Nxe4
Bxe4 22. Bxe4 Bg7 23. Rad1 Rf8 24. d5 Qd6 25. g3 Kd7 26. Bf4 Be5 27. Bh6 Rfe8
28. Rf7 Rc4 29. Kg2 Kc8 30. b3 Rc7 31. a4 bxa4 32. bxa4 Kd8 33. Bg5 Rc3 34. Bd2
Nxd5 35. Bxc3 Bxc3 36. Qf3 1-0

[Event "40th Trust Open A-Grade"]
[Site "Waitakere, NZL NZL"]
[Date "2017.06.04"]
[Round "3"]
[White "Runcan, Daniel-Ioan"]
[Black "Morrell, Gordon"]
[Result "1/2-1/2"]
[WhiteElo "1995"]
[BlackElo "2178"]
[PlyCount "61"]
[EventDate "2017.06.03"]

1. e4 c5 2. Nc3 Nc6 3. f4 g6 4. Nf3 Bg7 5. Bb5 Nd4 6. O-O a6 7. Bc4 b5 8. Bd5
Rb8 9. a4 e6 10. Ba2 Ne7 11. axb5 axb5 12. Ne2 O-O 13. Nexd4 cxd4 14. d3 d5 15.
Qe2 Nc6 16. Kh1 Ra8 17. Bd2 dxe4 18. Qxe4 Qd6 19. Bb4 Qxb4 20. Qxc6 Ra6 21. Qc7
Qxb2 22. Rfb1 Qc3 23. Qxc3 dxc3 24. Bb3 Bb7 25. Rxa6 Bxa6 26. Kg1 Bb7 27. Kf2
Ra8 28. Re1 Ra3 29. Rb1 Kf8 30. g3 Ke7 31. Ke3 1/2-1/2

[Event "40th Trust Open A-Grade"]
[Site "Waitakere, NZL NZL"]
[Date "2017.06.04"]
[Round "3"]
[White "Wright, Caleb"]
[Black "Duneas, John"]
[Result "0-1"]
[WhiteElo "1942"]
[BlackElo "2164"]
[PlyCount "50"]
[EventDate "2017.06.03"]

1. c4 e5 2. Nc3 Nf6 3. d3 d5 4. cxd5 Nxd5 5. Nf3 Nc6 6. g3 Bc5 7. Bg2 Nxc3 8.
bxc3 O-O 9. O-O Bf5 10. Qb3 Bb6 11. Ng5 h6 12. Ne4 Be6 13. Qa4 f5 14. Nd2 Qd7
15. Bxc6 bxc6 16. Ba3 Rfe8 17. Nb3 e4 18. d4 f4 19. f3 exf3 20. exf3 fxg3 21.
hxg3 Qf7 22. Qxc6 Bd5 23. Qa4 Re2 24. Qb5 Rae8 25. Qd3 R8e3 0-1

[Event "40th Trust Open A-Grade"]
[Site "Waitakere, NZL NZL"]
[Date "2017.06.04"]
[Round "3"]
[White "Nagorski, Alex"]
[Black "Macdonald, Paul"]
[Result "1/2-1/2"]
[WhiteElo "1924"]
[BlackElo "2059"]
[PlyCount "64"]
[EventDate "2017.06.03"]

1. e4 d6 2. d4 Nf6 3. Nc3 g6 4. Nf3 Bg7 5. Be2 O-O 6. O-O Bg4 7. Bg5 Nc6 8. Qd2
Nd7 9. Nd5 Nf6 10. Nxf6+ exf6 11. Bh4 Qd7 12. h3 Bxf3 13. Bxf3 f5 14. c3 fxe4
15. Bxe4 Rfe8 16. Rfe1 Rab8 17. Re2 d5 18. Bd3 Rxe2 19. Qxe2 Re8 20. Qd2 Nd8
21. Re1 Rxe1+ 22. Qxe1 Ne6 23. Bg3 f5 24. Be5 Bh6 25. c4 c6 26. cxd5 cxd5 27.
Qa5 a6 28. Bc2 Bg7 29. Bb3 Bxe5 30. dxe5 Nc7 31. e6 Qc6 32. e7 Qc1+ 1/2-1/2

[Event "40th Trust Open A-Grade"]
[Site "Waitakere, NZL NZL"]
[Date "2017.06.04"]
[Round "3"]
[White "Shen, Terry"]
[Black "Chen, Meng Boon Marcus"]
[Result "1/2-1/2"]
[WhiteElo "1892"]
[BlackElo "1863"]
[PlyCount "61"]
[EventDate "2017.06.03"]

1. d4 d5 2. Bf4 Nf6 3. e3 c5 4. c3 Nc6 5. Bd3 Qb6 6. b3 Be6 7. Nf3 Rc8 8. O-O
g6 9. Nbd2 Bg7 10. Ne5 O-O 11. Ndf3 Nh5 12. Nxc6 Qxc6 13. Be5 f6 14. Bg3 Nxg3
15. hxg3 Bg4 16. Be2 Be6 17. Rc1 Rfd8 18. Qd2 Bf7 19. Rfd1 Qb6 20. Rc2 Rc7 21.
Rdc1 Rdc8 22. Kh2 Kh8 23. Kg1 Kg8 24. Kh2 Kh8 25. Kg1 Kg8 26. Kh2 Kh8 27. Kg1
Kg8 28. Kh2 Kh8 29. Kg1 Kg8 30. Kh2 Kh8 31. Kg1 1/2-1/2

[Event "40th Trust Open A-Grade"]
[Site "Waitakere, NZL NZL"]
[Date "2017.06.04"]
[Round "3"]
[White "Mukkattu, Philip"]
[Black "Qin, Nicole Shu Yu"]
[Result "1-0"]
[WhiteElo "1817"]
[BlackElo "1763"]
[PlyCount "113"]
[EventDate "2017.06.03"]

1. Nf3 e6 2. d4 d5 3. c4 c6 4. Nc3 Nf6 5. Qc2 Nbd7 6. e3 Bd6 7. a3 a5 8. cxd5
exd5 9. Bd3 O-O 10. Ng5 h6 11. h4 b6 12. Bf5 Nb8 13. Bh7+ Kh8 14. Ne2 Qe7 15.
Bd3 c5 16. dxc5 bxc5 17. b3 Ba6 18. Bb2 Nbd7 19. Bxa6 Rxa6 20. g3 Be5 21. Bxe5
Qxe5 22. Rd1 Qe7 23. Rxd5 g6 24. Rd1 hxg5 25. hxg5+ Kg7 26. Qc4 Re6 27. gxf6+
Nxf6 28. Qh4 Nh5 29. Qh3 f5 30. Nf4 Nxf4 31. gxf4 Kf7 32. Qh7+ Ke8 33. Qxe7+
Kxe7 34. Rh7+ Kf6 35. Rc7 Rb8 36. Rxc5 Rxb3 37. Rxa5 Rc6 38. Ke2 Rcc3 39. a4
Rc2+ 40. Rd2 Rc6 41. Rb5 Rxb5 42. axb5 Rb6 43. Rd5 Ke6 44. Re5+ Kd6 45. Kd3 Rb7
46. e4 Rf7 47. f3 Rf6 48. Kd4 Rf7 49. Rd5+ Kc7 50. e5 Kb7 51. Rd6 Rg7 52. Kd5
Kc7 53. Rc6+ Kb7 54. b6 Rd7+ 55. Rd6 Rg7 56. e6 Kc8 57. Kc6 1-0

[Event "40th Trust Open A-Grade"]
[Site "Waitakere, NZL NZL"]
[Date "2017.06.04"]
[Round "4"]
[White "Dive, Russell J"]
[Black "Smith, Robert W"]
[Result "1-0"]
[WhiteElo "2426"]
[BlackElo "2348"]
[PlyCount "163"]
[EventDate "2017.06.03"]

1. Nf3 c5 2. c4 g6 3. Nc3 Bg7 4. g3 d6 5. Bg2 Nc6 6. O-O e5 7. Ne1 Be6 8. d3
Nge7 9. Nc2 Rb8 10. a3 O-O 11. b4 e4 12. Nxe4 Bxa1 13. Nxa1 f5 14. Ng5 Bd7 15.
Bf4 Nc8 16. bxc5 h6 17. Nf3 g5 18. Bxd6 Nxd6 19. cxd6 Qa5 20. d4 Qxa3 21. c5
Rbe8 22. Nc2 Qc3 23. e3 f4 24. exf4 gxf4 25. Nh4 Kg7 26. Qb1 f3 27. Nxf3 Rxf3
28. Bxf3 Qxf3 29. Qxb7 Ne5 30. d5 Qc3 31. c6 Rd8 32. cxd7 Rxd7 33. Qb4 Qxb4 34.
Nxb4 Rxd6 35. Ra1 Rd7 36. Ra6 Nc4 37. Nc6 Rxd5 38. Rxa7+ Kf6 39. Rh7 h5 40. h4
Rc5 41. Nd4 Kg6 42. Rd7 Ne5 43. Rd6+ Kf7 44. Kg2 Ng4 45. f3 Nf6 46. Kf2 Ra5 47.
Rc6 Ra4 48. Nc2 Ra7 49. Ne3 Ra4 50. Rc4 Ra2+ 51. Rc2 Ra4 52. Kg2 Ra3 53. Re2
Ra4 54. Kh3 Ra3 55. Kg2 Ra4 56. Nf5 Ra6 57. Nd4 Rd6 58. Nc2 Ra6 59. Kf2 Ra4 60.
Ne3 Rd4 61. Ng2 Nd5 62. Re5 Rd2+ 63. Kg1 Nf6 64. Nf4 Ra2 65. Nxh5 Nd7 66. Rb5
Ke6 67. Nf4+ Kd6 68. Rd5+ Kc6 69. h5 Nc5 70. Re5 Nd7 71. Re2 Ra1+ 72. Kg2 Ra4
73. Ng6 Ra5 74. g4 Kd6 75. Kg3 Nf6 76. Ne7 Kd7 77. Kh4 Ra3 78. Ng6 Kd8 79. f4
Ra1 80. Kg5 Ng8 81. f5 Rg1 82. Nh8 1-0

[Event "40th Trust Open A-Grade"]
[Site "Waitakere, NZL NZL"]
[Date "2017.06.04"]
[Round "4"]
[White "Krstev, Antonio"]
[Black "Ker, Anthony F"]
[Result "0-1"]
[WhiteElo "2056"]
[BlackElo "2474"]
[PlyCount "68"]
[EventDate "2017.06.03"]

1. d4 Nf6 2. c4 e6 3. Nc3 Bb4 4. Bd2 b6 5. a3 Bxc3 6. Bxc3 Ne4 7. Qc2 Bb7 8. e3
O-O 9. Nf3 d6 10. O-O-O Nd7 11. Bd3 Ndf6 12. Ne1 Qe7 13. f3 Nxc3 14. Qxc3 c5
15. dxc5 bxc5 16. Kb1 d5 17. Qe5 Rfd8 18. Nc2 Ba6 19. cxd5 Rxd5 20. Qc3 Rad8
21. Bxa6 Rxd1+ 22. Rxd1 Rxd1+ 23. Ka2 Qd6 24. Be2 Rc1 25. e4 Nd7 26. b3 Qxh2
27. Qd2 Qg1 28. Kb2 Rb1+ 29. Kc3 Nf8 30. Bd3 h5 31. a4 h4 32. e5 Qh2 33. f4 h3
34. gxh3 Rxb3+ 0-1

[Event "40th Trust Open A-Grade"]
[Site "Waitakere, NZL NZL"]
[Date "2017.06.04"]
[Round "4"]
[White "Duneas, John"]
[Black "Guico, Leonides"]
[Result "1/2-1/2"]
[WhiteElo "2164"]
[BlackElo "2073"]
[PlyCount "69"]
[EventDate "2017.06.03"]

1. d4 c6 2. c4 d6 3. e4 Qc7 4. Nc3 e5 5. f4 Nf6 6. Nf3 Bg4 7. Be2 Nbd7 8. Be3
Be7 9. O-O O-O 10. h3 Bxf3 11. Bxf3 a6 12. a4 exf4 13. Bxf4 c5 14. d5 Rfe8 15.
Qd2 Bf8 16. g4 Ne5 17. Be2 Ng6 18. Bd3 Nxf4 19. Qxf4 Qe7 20. Rf2 Nd7 21. Be2
Ne5 22. g5 g6 23. Raf1 Bg7 24. Nd1 Rf8 25. Ne3 Rae8 26. b3 f6 27. gxf6 Rxf6 28.
Qg3 Ref8 29. Rxf6 Rxf6 30. Bg4 Rxf1+ 31. Kxf1 h5 32. Be6+ Kh7 33. Ng2 a5 34.
Ke2 Qf6 35. Qf4 1/2-1/2

[Event "40th Trust Open A-Grade"]
[Site "Waitakere, NZL NZL"]
[Date "2017.06.04"]
[Round "4"]
[White "Zhang, Jasmine Haomo"]
[Black "Fan, Allen Chi Zhou"]
[Result "1/2-1/2"]
[WhiteElo "2029"]
[BlackElo "2174"]
[PlyCount "121"]
[EventDate "2017.06.03"]

1. d4 Nf6 2. c4 g6 3. Nc3 Bg7 4. e4 d6 5. f3 O-O 6. Be3 a6 7. Qd2 c6 8. Bd3 b5
9. a3 Nbd7 10. Nge2 Bb7 11. b3 Rc8 12. g4 e5 13. d5 cxd5 14. cxd5 Kh8 15. h4 h5
16. Rg1 Qa5 17. b4 Qd8 18. Bg5 Qb6 19. Be3 Qd8 20. Bg5 Qe8 21. Bh6 Rg8 22. Qg5
Nh7 23. Bxg7+ Rxg7 24. Qh6 Qd8 25. Rh1 Ndf6 26. gxh5 Nxh5 27. Kd2 Rc7 28. f4
Qf6 29. f5 Nf4 30. Raf1 gxf5 31. Qxf6 Nxf6 32. Nxf4 exf4 33. Rxf4 Rg2+ 34. Ne2
fxe4 35. Bxe4 Nxe4+ 36. Rxe4 Bxd5 37. Re8+ Kh7 38. Rf1 Be6 39. Ke3 Rxe2+ 40.
Kxe2 Bc4+ 41. Kf2 Bxf1 42. Kxf1 Rc3 43. Rd8 Rxa3 44. Rxd6 Ra4 45. h5 Rxb4 46.
Rxa6 Rh4 47. Rf6 Kg7 48. Rf5 b4 49. Rb5 Kh6 50. Kf2 Rh2+ 51. Ke3 b3 52. Kd4 b2
53. Ke4 Rf2 54. Ke3 Rc2 55. Kf4 Rg2 56. Kf3 Rc2 57. Kf4 f5 58. Rb6+ Kxh5 59.
Kxf5 Kh4 60. Ke4 Kg3 61. Kd3 1/2-1/2

[Event "40th Trust Open A-Grade"]
[Site "Waitakere, NZL NZL"]
[Date "2017.06.04"]
[Round "4"]
[White "Milligan, Helen"]
[Black "Goodhue, Nathan"]
[Result "1/2-1/2"]
[WhiteElo "2116"]
[BlackElo "2093"]
[PlyCount "62"]
[EventDate "2017.06.03"]

1. e4 g6 2. d4 Bg7 3. Nf3 d6 4. Nc3 a6 5. a4 b6 6. Bc4 e6 7. O-O c6 8. Re1 Ne7
9. Be3 d5 10. exd5 cxd5 11. Bb3 O-O 12. Ne2 Nbc6 13. c3 a5 14. Bf4 Ba6 15. Nc1
Ra7 16. Bc2 Nf5 17. Nd3 Bxd3 18. Bxd3 Nd6 19. Qd2 Re8 {(=)} 20. Ne5 Nxe5 21.
Bxe5 Ree7 22. Re2 Rec7 23. Bxd6 Qxd6 24. Rae1 Rc8 25. Bb5 Raa8 26. Qd3 Rd8 27.
Qg3 Qxg3 28. hxg3 Rac8 29. g4 h6 30. f4 Bf6 31. g3 Kg7 1/2-1/2

[Event "40th Trust Open A-Grade"]
[Site "Waitakere, NZL NZL"]
[Date "2017.06.04"]
[Round "4"]
[White "Lim, Benjamin U"]
[Black "Steadman, Michael V R"]
[Result "0-1"]
[WhiteElo "2044"]
[BlackElo "2309"]
[PlyCount "102"]
[EventDate "2017.06.03"]

1. e4 c5 2. Nf3 g6 3. d4 cxd4 4. Nxd4 Bg7 5. Nc3 d6 6. Be2 a6 7. a4 Nc6 8. Be3
Nf6 9. O-O O-O 10. Kh1 Qc7 11. f4 Na5 12. Qd3 e5 13. Nb3 Nc6 14. a5 exf4 15.
Bxf4 Ne5 16. Qd2 Be6 17. Bg5 Ne8 18. Na4 f6 19. Nb6 Rd8 20. Be3 Kh8 21. c4 Qf7
22. Rac1 Nc7 23. Nd4 Na8 24. Nxe6 Qxe6 25. Rfd1 Nxb6 26. Bxb6 Rd7 27. Qd5 Qe7
28. Rf1 h5 29. Bd1 Rc8 30. Ba4 Nc6 31. Rcd1 Bf8 32. Qd2 Kh7 33. c5 Qxe4 34. Bc2
Qe6 35. Ba4 f5 36. Rde1 Qf7 37. Qc2 d5 38. Bxc6 Rxc6 39. b4 d4 40. Qd3 Qd5 41.
Re8 Bh6 42. Qg3 d3 43. Qb8 Bg7 44. Qf4 d2 45. Rd1 Re6 46. Rxe6 Qxe6 47. Qf1 Bc3
48. h3 Bxb4 49. c6 Qxc6 50. Be3 Qe4 51. Bf4 Qe1 0-1

[Event "40th Trust Open A-Grade"]
[Site "Waitakere, NZL NZL"]
[Date "2017.06.04"]
[Round "4"]
[White "Morrell, Gordon"]
[Black "Nagorski, Alex"]
[Result "1-0"]
[WhiteElo "2178"]
[BlackElo "1924"]
[PlyCount "69"]
[EventDate "2017.06.03"]

1. c4 c5 2. Nf3 Nf6 3. Nc3 Nc6 4. e3 g6 5. d4 cxd4 6. exd4 d5 7. Bg5 Be6 8.
Bxf6 exf6 9. c5 Be7 10. h3 O-O 11. Bb5 Qc7 12. O-O Rfc8 13. a3 g5 14. b4 g4 15.
hxg4 Qf4 16. Bxc6 bxc6 17. Nh2 Kh8 18. Ne2 Qh6 19. f4 f5 20. g5 Qg7 21. Qe1 Rg8
22. Nf3 f6 23. Ng3 fxg5 24. Nh5 Qf7 25. Qe5+ Rg7 26. Qxg7+ Qxg7 27. Nxg7 Kxg7
28. Rae1 Kf7 29. Ne5+ Kf6 30. fxg5+ Kxg5 31. Nxc6 Kf6 32. Rxe6+ Kxe6 33. Re1+
Kd7 34. Nxe7 Re8 35. c6+ 1-0

[Event "40th Trust Open A-Grade"]
[Site "Waitakere, NZL NZL"]
[Date "2017.06.04"]
[Round "4"]
[White "Macdonald, Paul"]
[Black "Mukkattu, Philip"]
[Result "1-0"]
[WhiteElo "2059"]
[BlackElo "1817"]
[PlyCount "93"]
[EventDate "2017.06.03"]

1. b3 Nf6 2. Bb2 d5 3. Nf3 Bf5 4. e3 e6 5. Be2 Be7 6. d3 h6 7. Nbd2 c5 8. Ne5
Nbd7 9. Nxd7 Qxd7 10. Nf3 Rd8 11. Ne5 Qc7 12. f4 Qa5+ 13. Kf2 O-O 14. g4 Bh7
15. h4 Nd7 16. Nxd7 Rxd7 17. g5 d4 18. e4 Qd8 19. Bh5 hxg5 20. hxg5 e5 21. Qg4
exf4 22. Rag1 f5 23. Qh4 g6 24. Bf3 Bd6 25. exf5 Rxf5 26. Bg4 Re5 27. Bxd7 Qxd7
28. Qg4 Qf7 29. c3 Re3 30. Rh3 Rg3 31. Qc8+ Qf8 32. Qxf8+ Kxf8 33. Rxh7 Rxd3
34. Ke2 Re3+ 35. Kd2 f3 36. Re1 Bf4 37. Rh4 Bxg5 38. Rg4 Bh6 39. Rxe3 dxe3+ 40.
Ke1 Kf7 41. Rg3 f2+ 42. Ke2 Bf4 43. Rf3 g5 44. Bc1 Kg6 45. Bxe3 Be5 46. Bxf2
Bxc3 47. Rxc3 1-0

[Event "40th Trust Open A-Grade"]
[Site "Waitakere, NZL NZL"]
[Date "2017.06.04"]
[Round "4"]
[White "Chen, Meng Boon Marcus"]
[Black "Runcan, Daniel-Ioan"]
[Result "0-1"]
[WhiteElo "1863"]
[BlackElo "1995"]
[PlyCount "146"]
[EventDate "2017.06.03"]

1. c4 c5 2. Nc3 Nc6 3. g3 Nf6 4. Bg2 g6 5. e4 Bg7 6. Nge2 d6 7. O-O O-O 8. d3
Rb8 9. f4 a6 10. a4 e6 11. h3 Nd4 12. Nxd4 cxd4 13. Ne2 e5 14. a5 b5 15. axb6
Qxb6 16. g4 Nd7 17. f5 f6 18. fxg6 hxg6 19. Ng3 Nc5 20. Ra3 Nb3 21. Rf2 Bd7 22.
Nf1 Kh7 23. Rc2 Nxc1 24. Qxc1 Bh6 25. Qa1 Ra8 26. Qe1 a5 27. Nd2 Qb4 28. Nf3
Be3+ 29. Kf1 Kg7 30. Ke2 Ba4 31. Rd2 Bxd2 32. Nxd2 Bc6 33. Rb3 Qc5 34. Qa1 a4
35. Ra3 Rab8 36. Ra2 Rb4 37. Kd1 Rfb8 38. Kc2 Qb6 39. Bf3 Kf7 40. h4 Rg8 41.
Qf1 Rc8 42. Qa1 Rg8 43. Qf1 Qd8 44. Be2 Rh8 45. Qf2 f5 46. gxf5 gxf5 47. Qxf5+
Qf6 48. Qxf6+ Kxf6 49. h5 Bd7 50. Ra1 Be8 51. Rf1+ Ke7 52. Rh1 Rh6 53. Nf1 Rb8
54. Rg1 Bxh5 55. Ng3 Bg6 56. Rg2 Rbh8 57. Rg1 Rh2 58. Kd1 Rb8 59. Kc2 Rf8 60.
Kd1 Rff2 61. Ke1 Rfg2 62. Rxg2 Rxg2 63. Nf1 Kf6 64. Nd2 Be8 65. Kd1 Bd7 66. Bf1
Rg1 67. Ke2 Bg4+ 68. Kf2 Rh1 69. Ke1 Kg5 70. Kf2 Kf4 71. Kg2 Rh7 72. c5 dxc5
73. Kf2 Be6 0-1

[Event "40th Trust Open A-Grade"]
[Site "Waitakere, NZL NZL"]
[Date "2017.06.04"]
[Round "4"]
[White "Sarmiento, Noel"]
[Black "Wright, Caleb"]
[Result "1/2-1/2"]
[WhiteElo "1906"]
[BlackElo "1942"]
[PlyCount "66"]
[EventDate "2017.06.03"]

1. c4 e6 2. Nf3 c5 3. e3 b6 4. Nc3 Nf6 5. Be2 Be7 6. O-O O-O 7. d4 cxd4 8. exd4
d5 9. h3 Bb7 10. Be3 Nbd7 11. Rc1 Rc8 12. cxd5 Nxd5 13. Nxd5 Bxd5 14. b3 Rxc1
15. Bxc1 Qb8 16. Bb2 Rc8 17. Bd3 g6 18. Qe2 Bd6 19. h4 h5 20. Rc1 Bf4 21. Rxc8+
Qxc8 {(=)} 22. Bc4 Qc6 23. Bxd5 Qxd5 24. g3 Bd6 25. Ng5 a5 26. Qe4 Nb8 27. Qxd5
exd5 28. Kf1 Kf8 29. Ke2 Ke7 30. Nf3 f6 31. Ne1 Nc6 32. Nc2 Nb4 33. Ne3 Ke6
1/2-1/2

[Event "40th Trust Open A-Grade"]
[Site "Waitakere, NZL NZL"]
[Date "2017.06.04"]
[Round "4"]
[White "Qin, Nicole Shu Yu"]
[Black "Shen, Terry"]
[Result "0-1"]
[WhiteElo "1763"]
[BlackElo "1892"]
[PlyCount "54"]
[EventDate "2017.06.03"]

1. d4 Nf6 2. c4 g6 3. Nc3 Bg7 4. e4 d6 5. f3 O-O 6. Be3 e5 7. d5 Nh5 8. Qd2 f5
9. exf5 gxf5 10. O-O-O a6 11. Bd3 Bd7 12. Nge2 b5 13. Ng3 Qe8 14. Nxh5 Qxh5 15.
a3 bxc4 16. Bxc4 Qe8 17. f4 Bb5 18. Nxb5 axb5 19. Bb3 Nd7 20. h3 b4 21. a4 exf4
22. Bxf4 Nc5 23. Bc2 b3 24. Bd3 Qxa4 25. Be3 Qa1+ 26. Bb1 Nd3+ 27. Qxd3 Qxb2#
0-1

[Event "40th Trust Open A-Grade"]
[Site "Waitakere, NZL NZL"]
[Date "2017.06.05"]
[Round "5"]
[White "Ker, Anthony F"]
[Black "Gong, Daniel Hanwen"]
[Result "0-1"]
[WhiteElo "2474"]
[BlackElo "2325"]
[PlyCount "121"]
[EventDate "2017.06.03"]

1. e4 c5 2. c3 d5 3. exd5 Qxd5 4. d4 Nc6 5. Nf3 Bf5 6. Be3 cxd4 7. Nxd4 Nxd4 8.
Qxd4 Qxd4 9. Bxd4 Nf6 10. Nd2 a6 11. Nc4 e6 12. O-O-O Be7 13. Bxf6 gxf6 14.
Nd6+ Bxd6 15. Rxd6 Ke7 16. Rd2 Rhg8 17. Be2 Rad8 18. Bf3 Rxd2 19. Kxd2 e5 20.
Ke3 b6 21. g3 Be6 22. b3 Rc8 23. Rc1 a5 24. c4 f5 25. Be2 Kd6 26. Kd2 f6 27.
Rd1 Ke7 28. Ke3 h6 29. Rd2 Rc7 30. Bf3 Rc5 31. Bb7 b5 32. Ba6 bxc4 33. Bxc4
Bxc4 34. Rc2 Kd6 35. Rxc4 Rxc4 36. bxc4 Kc5 37. Kd3 Kb4 38. a3+ Kc5 39. Kc3 h5
40. Kd3 Kd6 41. f3 Kc6 42. h4 Kd6 43. g4 e4+ 44. Ke3 fxg4 45. fxg4 hxg4 46. h5
f5 47. h6 g3 48. h7 f4+ 49. Ke2 f3+ 50. Kf1 g2+ 51. Kg1 Kc5 52. h8=Q Kxc4 53.
Qe5 Kd3 54. Qd5+ Ke3 55. Qxa5 Ke2 56. Qb5+ Ke3 57. a4 Kf4 58. a5 Kg3 59. Qg5+
Kh3 60. Kf2 e3+ 61. Kxf3 0-1

[Event "40th Trust Open A-Grade"]
[Site "Waitakere, NZL NZL"]
[Date "2017.06.05"]
[Round "5"]
[White "Picken, Oliver"]
[Black "Smith, Robert W"]
[Result "0-1"]
[WhiteElo "1882"]
[BlackElo "2348"]
[PlyCount "68"]
[EventDate "2017.06.03"]

1. e4 g6 2. d4 Bg7 3. Nc3 d6 4. Bc4 c6 5. Qf3 e6 6. Nge2 b5 7. Bd3 e5 8. Be3
Ne7 9. dxe5 dxe5 10. O-O-O Nd7 11. h4 h5 12. Ng1 Qa5 13. Kb1 Nf6 14. Qg3 b4 15.
Nce2 Ng4 16. Bd2 Be6 17. Nc1 c5 18. b3 O-O 19. f3 Nf6 20. Nh3 c4 21. Bxc4 Bxc4
22. bxc4 Nc6 23. Nb3 Qa6 24. c5 Qb5 25. Qf2 a5 26. Qf1 Qb7 27. Qc4 a4 28. Nc1
Rfb8 29. Nd3 Na5 30. c6 Qc7 31. Qc5 Bf8 32. Qxe5 Qxc6 33. Rc1 Nc4 34. Qd4 Nxd2+
0-1

[Event "40th Trust Open A-Grade"]
[Site "Waitakere, NZL NZL"]
[Date "2017.06.05"]
[Round "5"]
[White "Guico, Leonides"]
[Black "McLaren, Leonard J"]
[Result "0-1"]
[WhiteElo "2073"]
[BlackElo "2348"]
[PlyCount "104"]
[EventDate "2017.06.03"]

1. e4 c5 2. Nf3 d6 3. c3 Nf6 4. Be2 Nbd7 5. d3 c4 6. Qc2 cxd3 7. Bxd3 e6 8. O-O
Be7 9. b4 O-O 10. Bb2 Qc7 11. Nbd2 b6 12. Nd4 Bb7 13. f3 Rac8 14. Rac1 Ne5 15.
Be2 Rfd8 16. Qd1 d5 17. f4 Nc4 18. Nxc4 dxc4 19. e5 Nd5 20. Qd2 h6 21. Bh5 g6
22. Bg4 Bf8 23. Qe2 Bg7 24. Rc2 Qe7 25. Bc1 Nxc3 26. Rxc3 Rxd4 27. Be3 Rdd8 28.
Rxc4 Ba6 29. Rxc8 Bxe2 30. Rxd8+ Qxd8 31. Bxe2 Qd5 32. a3 Qa2 33. Kf2 Qxa3 34.
b5 Bf8 35. Rd1 Bc5 36. Rd3 Qc1 37. Kf3 Bxe3 38. Rxe3 g5 39. fxg5 hxg5 40. h3
Kf8 41. Re4 Qc3+ 42. Kg4 f5+ 43. exf6 Qxf6 44. Bf3 Qf5+ 45. Kg3 Qxb5 46. Rxe6
a5 47. Kg4 a4 48. Rf6+ Ke7 49. Rf5 Qb2 50. Kxg5 a3 51. Bd5 a2 52. Bxa2 Qxg2+
0-1

[Event "40th Trust Open A-Grade"]
[Site "Waitakere, NZL NZL"]
[Date "2017.06.05"]
[Round "5"]
[White "Steadman, Michael V R"]
[Black "Macdonald, Paul"]
[Result "1-0"]
[WhiteElo "2309"]
[BlackElo "2059"]
[PlyCount "61"]
[EventDate "2017.06.03"]

1. d4 d5 2. c4 e5 3. dxe5 d4 4. a3 Nc6 5. Nf3 Nge7 6. g3 Ng6 7. Bg2 Ngxe5 8.
Nbd2 Be6 9. Nxe5 Nxe5 10. Bxb7 Rb8 11. Bg2 Qd7 12. O-O Be7 13. b4 O-O 14. Qc2
Bh3 15. Rd1 Bxg2 16. Kxg2 a5 17. b5 c5 18. Nf1 Qe6 19. Bf4 g5 20. Bxe5 Qxe5 21.
e3 Rfd8 22. exd4 cxd4 23. Qd3 Bc5 24. Re1 Qf6 25. Nd2 Qg6 26. Qxg6+ hxg6 27.
Nb3 Bb6 28. a4 Rbc8 29. Rac1 d3 30. Red1 Bc5 31. Nxa5 1-0

[Event "40th Trust Open A-Grade"]
[Site "Waitakere, NZL NZL"]
[Date "2017.06.05"]
[Round "5"]
[White "Goodhue, Nathan"]
[Black "Morrell, Gordon"]
[Result "1-0"]
[WhiteElo "2093"]
[BlackElo "2178"]
[PlyCount "89"]
[EventDate "2017.06.03"]

1. b3 e5 2. Bb2 Nc6 3. c4 Nf6 4. Nc3 d5 5. cxd5 Nxd5 6. g3 Be6 7. Bg2 Be7 8.
Nf3 f5 9. Nxd5 Bxd5 10. O-O Bf6 11. d3 O-O 12. a3 Re8 13. e3 Qd7 14. e4 Be6 15.
Qc2 Rad8 16. Ne1 f4 17. b4 g5 18. Rd1 Qf7 19. Qe2 g4 20. f3 h5 21. fxg4 hxg4
22. gxf4 exf4 23. e5 Bg5 24. Bxc6 bxc6 25. Bc1 Qf5 26. Bxf4 Bxf4 27. Ng2 Bxh2+
28. Kxh2 Qh5+ 29. Kg1 Bd5 30. Rde1 Bf3 31. Qe3 Re6 32. Qf4 Rh6 33. Kf2 Rf8 34.
Qg3 Bd1+ 35. Ke3 Qg5+ 36. Kd4 Rd8+ 37. Ke4 Qg6+ 38. Rf5 Bf3+ 39. Kf4 Rxd3 40.
Qf2 Rh2 41. Rg5 Qxg5+ 42. Kxg5 Rh5+ 43. Kg6 Rh2 44. Qxa7 Rxg2 45. Qa8+ 1-0

[Event "40th Trust Open A-Grade"]
[Site "Waitakere, NZL NZL"]
[Date "2017.06.05"]
[Round "5"]
[White "Zhang, Jasmine Haomo"]
[Black "Duneas, John"]
[Result "0-1"]
[WhiteElo "2029"]
[BlackElo "2164"]
[PlyCount "92"]
[EventDate "2017.06.03"]

1. d4 d5 2. Nf3 Nf6 3. Bf4 c6 4. e3 Bg4 5. Nbd2 e6 6. h3 Bh5 7. c3 Bd6 8. Bd3
Bxf4 9. exf4 Bg6 10. Qe2 Bxd3 11. Qxd3 Nbd7 12. O-O O-O 13. f5 exf5 14. Qxf5
Re8 15. Ne5 g6 16. Qf4 Nxe5 17. dxe5 Nh5 18. Qd4 Qe7 19. Nf3 b6 20. Rfe1 Ng7
21. Rad1 Rad8 22. Rd2 Ne6 23. Qe3 Kg7 24. Nd4 Nxd4 25. cxd4 c5 26. Rc2 c4 27.
f4 h5 28. Qf3 Qh4 29. Rd1 b5 30. Kh2 f5 31. g3 Qe7 32. Kg1 Kf7 33. Rh2 Rh8 34.
Rdd2 b4 35. g4 Qh4 36. gxf5 Qe1+ 37. Qf1 Qxf1+ 38. Kxf1 gxf5 39. Rhg2 Rhg8 40.
Rdf2 Rc8 41. Rxg8 Rxg8 42. Rf3 h4 43. Kf2 Rg3 44. Re3 Ke6 45. Rf3 a5 46. Ke2 a4
0-1